Quizzes
Events
Quiz Creation
Community
Videos
Private Events
Remove Ads
Sign In
Join for FREE
Feedback
Dark Mode
Quiz Categories
Sports
Geography
Music
Movies
Television
Just For Fun
Miscellaneous
History
Literature
Language
Science
Gaming
Entertainment
Religion
Holiday
For Kids
Quiz Lab
Recent
Popular Today
Quiz Kudos Today
Editor Picks
Curator Picks
Quizzes by...
Day
Popularity
Type
Ratings
Length
Year
Community
Subscriptions
Recent Discussions
Orange Saloon
Badges
Playlists
Quests
Create
Leaderboards
Showdown
Live 5
Trivia Bingo
Activity
Puzzle Library
Sporcle Events
Private Events
Virtual Trivia
Globe League
Become a Host
Pub Owners
SporcleCon
Opinionation
Our Games
Videos
Blog
Mobile Apps
Partnerships
Remove Ads and Go Orange
Feedback
Television
TV Characters
TV Show
Sitcom
Network
Friends
Reality Shows
Cast
South Park
Star Trek
The Simpsons
Doctor Who
Television
TV Characters
TV Show
Sitcom
Network
Friends
Reality Shows
Cast
South Park
Star Trek
The Simpsons
Doctor Who
Random Quiz
Search Sporcle
×
Quiz Lab
Quiz Lab
Television
original
Type in answers that appear in a list
Type in answers that appear in a list
Classic
Best Score? Go Orange.
Survivor: Pearl Islands Stats
Can you name the Survivor: Pearl Islands contestants?
By
wholahaybrown
3m
16 Questions
1,008 Plays
1,008 Plays
1,008 Plays
Comments
Comments
Give Quiz Kudos
Give Quiz Kudos
-
- Ratings
hide this ad
Replay
Link that replays current quiz
Next Quiz
Link to next quiz in quiz playlist
You Got
0%
They Got
Avg Score
85%
Avg Friend Score
Upgrade to see
Score Distribution
Jump to the score distribution portion of the page
Score
0/16
Timer
03:00
0
Plays Today
Placement
Contestant
% Correct
Sole Survivor
Sandra Diaz-Twine
97.4%
8th place
Rupert Boneham
96.7%
3rd place
Jon 'Jonny Fairplay' Dalton
95.3%
14th place /
Runner-
up
Lillian 'Lill' Morris
94.8%
13th place /
5th place
Burton Roberts
92.4%
9th place
Ryan 'Ryno' Opray
89%
15th place
Ryan 'Skinny Ryan' Shoulders
88.8%
4th place
Darrah Johnson
88.1%
Placement
Contestant
% Correct
10th place
Andrew Savage
85.4%
6th place
Christa Hastie
82.9%
11th place
Osten Taylor
82.4%
7th place
Tijuana Bradley
81%
16th place
Nicole Delma
80.8%
14th place
Michelle Tesauro
74%
12th place
Shawn Cohen
72.8%
13th place
Trish Dunn
71.7%
Quiz Playlist
Details
Report
Send in Message
Add To Playlist
Classic:
Type in answers that appear in a list
Quiz Source
Last Updated: Dec 21, 2018
Quiz Scoreboard
CHALLENGE
Sign Up to Join the Scoreboard
Show All
Scores
Hide
Comments
May contain spoilers
Recently Published
Billboard Blitz: Fleetwood Mac
by CooCooCachoo
Music
15s
Presidents Visiting Landmarks
by Hejman
History
7m
An Introduction to Baseball
by treessimontrees
Sports
5m
More to Explore
Quiz From the Vault
Featured Blog Post
Where Did the Easter Bunny Come From?
hide this ad
You Might Also Like...
Tags
Contestants
island
original
pearl
placement
Survivor
tribe
Today's Top Quizzes in Television
Browse Television
hide this ad
Today's Top Quizzes in original
Browse original
Top Contributed Quizzes in Television
1
5-to-1: The Simpsons Families
2
5-to-1: Television Doctors
3
7-to-1: TV Show Settings
4
5-to-1: Streaming Originals
5
One Piece Logic Puzzle
6
Survivor Seasons
7
Survivor Logic Puzzle: Heroes vs. Villains
8
All US Survivor Seasons in Order
9
TV Shows by First Names
10
Survivor Season by Logo
Explore More
Trending Topics
Crossword
Harry Potter
Marvel
Anime
Disney
NBA
Kpop
Pokémon
WWE
Soccer
The Office
Country
Song
NFL
Puzzle
hide this ad
More By:
wholahaybrown
Quiz
Plays
Rating
Category
Featured
Created
Baby Names: Top US (1890s)
14,901
4.63
Miscellaneous
Oct 6, 2009
Survivor Buffs (Image Quiz)
1,984
4.20
Television
Feb 23, 2010
Survivor: Micronesia - Fans vs. Favorites
1,750
4.60
Television
Sep 28, 2009
Survivor: Borneo
1,404
4.33
Television
Sep 28, 2009
Survivor: China
1,041
4.80
Television
Sep 28, 2009
Go to Creator's Profile
Score Distribution
Quiz Creator Spotlight
wholahaybrown
Follow
Send a Message
Quizzes Created
-
Created Quiz Play Count
-
More By This Creator
Popular Quizzes Today
1
Find the US States - No Outlines Minefield
2
Find the Countries of Europe - No Outlines Minefield
3
The Countries of the World
4
Find the US States
5
Risky Map Clicking: Biggest States A-Z
6
US States
7
Popular People in 1961
8
Movies - When Are They Set?
More Television Quizzes
Finish the TV Show Titles (2000s)
Published
Trending Quizzes
Risky Map Clicking: Least Populous States A-Z
1-10 Letter G Words
1-10 Letter F Words
Risky Map Clicking: Next State Alphabetically
Risky Map Clicking: Biggest States A-Z
Recently Updated
Leaping Animals
pecheneg
Reality TV Shows (A-Z)
bhenderson79
Rickey Henderson's Hall of Fame Teammates
pecheneg
Champions League XIs: Arsenal
pecheneg
Quick Pick: Celebrities in WWE's Hall of Fame
aduchscher
A-Z Keypad Blitz II
pecheneg
Multiple Oscar Actors
pecheneg
Mystery Phrase Blitz: Oscar 'Best Actors'
pecheneg
F. Scott Fitzgerald Novels
LTH
Pick 3 Villains
ddd62291
Trending Topics
NBA
Disney
Kpop
Crossword
Harry Potter
Anime
Marvel
NFL
Puzzle
The Office
Pokémon
Soccer
Song
WWE
Country
Your Account Isn't Verified!
In order to create a playlist on Sporcle, you need to verify the email address you used during registration. Go to your
Sporcle Settings
to finish the process.
Report this User
Report this user for behavior that violates our
Community Guidelines
.
Details:
Send Report
Go to the Sporcle.com Mobile Site →
Comments